| 000 | 00758nam a22002537a 4500 | ||
|---|---|---|---|
| 999 |
_c4750 _d4750 |
||
| 001 | 14807 | ||
| 003 | BD-DhUAP | ||
| 005 | 20201118151953.0 | ||
| 008 | 201118r20082004bg a 001 0 eng d | ||
| 020 | _a0077091477 | ||
| 040 |
_aBD-DhAAL _cBD-DhAAL _beng _dBD-DhUAP |
||
| 082 | 0 | 0 |
_a543.5 WIL _223 |
| 100 | _aWilliams, Dudley H. | ||
| 245 |
_aSpectroscopic methods in organic chemistry / _cDudley H. Williams and Ian Fleming. |
||
| 250 | _a5th ed. | ||
| 260 |
_aNew Delhi : _bMcGraw-Hill, _cc2004 [Reprinted 2008]. |
||
| 300 |
_axiii, 329 pages : _billustrations ; _c24 cm. |
||
| 500 | _aIncludes index. | ||
| 650 | _aSpectrum analysis | ||
| 650 | _aOrganic compounds -- analysis. | ||
| 700 | _aFleming, Ian. | ||
| 942 |
_2ddc _cBK |
||